Memoria parlamentaria de D. José Alonso López a súa contribución á formación do estado liberal / (Record no. 19152)

MARC details
000 -LEADER
campo de control de longitud fija 00857nam a2200241 i 4500
001 - NÚMERO DE CONTROL
campo de control 19152
003 - IDENTIFICADOR DE NÚMERO DE CONTROL
campo de control ES-MaACL
005 - FECHA Y HORA DE LA ÚLTIMA TRANSACCIÓN
campo de control 20230906152018.0
007 - CAMPO FIJO DE DESCRIPCIÓN FÍSICA--INFORMACIÓN GENERAL
campo de control de longitud fija t|
008 - DATOS DE LONGITUD FIJA--INFORMACIÓN GENERAL
campo de control de longitud fija 020626s1999 sp ||||1| gao d
020 ## - NÚMERO INTERNACIONAL ESTÁNDAR DEL LIBRO
Número Internacional Estándar del Libro 84-920260-7-3
080 ## - NÚMERO DE LA CLASIFICACIÓN DECIMAL UNIVERSAL
Número de la Clasificación Decimal Universal 32 Alonso López, José
080 ## - NÚMERO DE LA CLASIFICACIÓN DECIMAL UNIVERSAL
Número de la Clasificación Decimal Universal 929 Alonso López, José
100 1# - ENTRADA PRINCIPAL--NOMBRE DE PERSONA
Nombre de persona De-Cal y Cortina, Rosa María Gabriela.
9 (RLIN) 43040
245 10 - MENCIÓN DEL TÍTULO
Título Memoria parlamentaria de D. José Alonso López a súa contribución á formación do estado liberal /
Mención de responsabilidad, etc. Rosa Mª Gabriela De-Cal y Cortina.
260 ## - PUBLICACIÓN, DISTRIBUCIÓN, ETC.
Lugar de publicación, distribución, etc. Ferrol :
Nombre del editor, distribuidor, etc. Ateneo Ferrolán,
Fecha de publicación, distribución, etc. 1999.
300 ## - DESCRIPCIÓN FÍSICA
Extensión 99 p. :
Otras características físicas il. ;
Dimensiones 30 cm.
500 ## - NOTA GENERAL
Nota general Cadernos Ateneo Ferrolán, ano XVI, nº 14, 1999.
600 14 - PUNTO DE ACCESO ADICIONAL DE MATERIA--NOMBRE DE PERSONA
Nombre de persona Alonso López, José.
9 (RLIN) 20348
700 1# - ENTRADA AGREGADA--NOMBRE PERSONAL
Nombre de persona Alonso López, José.
9 (RLIN) 20348
710 2# - ENTRADA AGREGADA--NOMBRE DE ENTIDAD CORPORATIVA
Nombre de entidad corporativa o nombre de jurisdicción como elemento de entrada Ateneo Ferrolán.
9 (RLIN) 2041
852 ## - LOCALIZACIÓN
Ubicación ES-MaACL
Número de control de estantería L-25581
Sublocalización o colección R.128974
Holdings
Estatus retirado Estado de pérdida Estado de daño No para préstamo Biblioteca de origen Biblioteca actual Ubicación en estantería Fecha de adquisición Fuente de adquisición Total de préstamos Signatura topográfica completa Código de barras Visto por última vez Precio de reemplazo Tipo de ítem Koha
        Biblioteca del Ateneo de Madrid Biblioteca del Ateneo de Madrid Depósito 2 17/01/2008     L-25581 1019596 23/02/2023 23/02/2023 Libro impreso